书目信息 |
| 题名: |
创作与批评
|
|
| 作者: | 赖应棠 著 | |
| 分册: | ||
| 出版信息: | 沈阳 春风文艺出版社 1979.11 |
|
| 页数: | 146页 | |
| 开本: | 20cm | |
| 丛书名: | ||
| 单 册: | ||
| 中图分类: | K206.6 | |
| 科图分类: | ||
| 主题词: | 中国--通史 | |
| 电子资源: | ||
| ISBN: | ||
| 000 | 00494nam0 2200193 45 | |
| 001 | 0312221749 | |
| 005 | 20060524170433.60 | |
| 010 | @dCNY0.44 | |
| 100 | @a20031222d1979 km y0chiy0120 ea | |
| 101 | @achi | |
| 200 | 1 | @a创作与批评@AChuang Zuo Yu Pi Ping@f赖应棠著@FLai Ying Tang Zhu |
| 205 | @a修订本 | |
| 210 | @a沈阳@c春风文艺出版社@d1979.11 | |
| 215 | @a146页@d20cm | |
| 606 | 0 | @a中国@x通史 |
| 690 | @aK206.6@v3 | |
| 701 | 0 | @a赖应棠@4著 |
| 801 | @aCN@bTSTCL@c20060524 | |
| 905 | @dK206.6@e6 | |
| 创作与批评/赖应棠著.-修订本.-沈阳:春风文艺出版社,1979.11 |
| 146页;20cm |
| ISBN :CNY0.44 |
| ● |
| 相关链接 |
|
|
|
|
正题名:创作与批评
索取号:K206.6/6
 
预约/预借
| 序号 | 登录号 | 条形码 | 馆藏地/架位号 | 状态 | 备注 |
| 1 | 0067804 | 202379210 | 密集书库/ [索取号:K206.6/6] | 在馆 | |
| 2 | 0067805 | 202379201 | 密集书库/ [索取号:K206.6/6] | 在馆 | |
| 3 | 0067806 | 202379256 | 密集书库/ [索取号:K206.6/6] | 在馆 | |
| 4 | 0067807 | 202291082 | 密集书库/ [索取号:K206.6/6] | 在馆 | |
| 5 | 0067808 | 001926660 | 密集书库/ [索取号:K206.6/6] | 在馆 |